European quarterly (Record no. 108985)
[ view plain ]
| 000 -LEADER | |
|---|---|
| fixed length control field | 01198cad a22002295a 4500 |
| 001 - CONTROL NUMBER | |
| control field | L145956 |
| 008 - FIXED-LENGTH DATA ELEMENTS--GENERAL INFORMATION | |
| fixed length control field | 081126s2008 xxkad f s 000 0 eng d |
| 035 ## - SYSTEM CONTROL NUMBER | |
| System control number | (Sirsi) u145956 |
| 041 0# - LANGUAGE CODE | |
| Language code of text/sound track or separate title | eng |
| 050 04 - LIBRARY OF CONGRESS CALL NUMBER | |
| Classification number | 333.33 $2 22 |
| 110 2# - MAIN ENTRY--CORPORATE NAME | |
| Corporate name or jurisdiction name as entry element | Pramerica Real Estate Investors |
| 9 (RLIN) | 5594 |
| 245 00 - TITLE STATEMENT | |
| Title | European quarterly |
| Remainder of title | October 2008 |
| Medium | [electronic resource] |
| 250 ## - EDITION STATEMENT | |
| -- | 2008 |
| 260 ## - PUBLICATION, DISTRIBUTION, ETC. | |
| Place of publication, distribution, etc. | United States |
| Name of publisher, distributor, etc. | Pramerica |
| Date of publication, distribution, etc. | 2008 |
| 490 #0 - SERIES STATEMENT | |
| Series statement | European Quarterly |
| Volume/sequential designation | October 2008 |
| 520 ## - SUMMARY, ETC. | |
| Summary, etc. | Reports that investors are demanding greater transparency from fund managers and that capitalisation rates are rising slowly across most of Europe. Suggests that property values are likely to fall for another year and that investors remain wary about buying assets. Reports that public real estate firms registered negative returns in the third quarter. Expects sharp falls in demand in the office and retail sectors, with residential markets continuing to suffer at the hands of tighter mortgage markets. |
| 590 ## - LOCAL NOTE (RLIN) | |
| Local note | KA |
| 651 #4 - SUBJECT ADDED ENTRY--GEOGRAPHIC NAME | |
| Geographic name | Europe |
| 690 ## - LOCAL SUBJECT ADDED ENTRY--TOPICAL TERM (OCLC, RLIN) | |
| Topical term or geographic name as entry element | PROPERTY-COMMERCIAL PROPERTY-COMMERCIAL PROPERTY MARKET |
| 856 40 - ELECTRONIC LOCATION AND ACCESS | |
| Uniform Resource Identifier | <a href="https://www.pramericarei.com/">https://www.pramericarei.com/</a> |
| Public note | View the report at www.pramericarei.com... |
| 942 ## - ADDED ENTRY ELEMENTS (KOHA) | |
| Suppress in OPAC | 0 |
| Withdrawn status | Lost status | Source of classification or shelving scheme | Damaged status | Not for loan | Home library | Current library | Shelving location | Date acquired | Total Checkouts | Full call number | Barcode | Date last seen | Copy number | Price effective from | Koha item type |
|---|---|---|---|---|---|---|---|---|---|---|---|---|---|---|---|
| Dewey Decimal Classification | Virtual | Virtual | Online | 26/11/2008 | ONLINE PUBLICATION | 145956-2001 | 06/08/2019 | 1 | 06/08/2019 | Book |